[Event "CFriend AC-2005-Q-00008 email"]
[Site "Chessfriend.com"]
[Date "2005.07.22"]
[Round "1"]
[White "Rulfs, Ernst August"]
[Black "Zawadka, Andrzej"]
[Result "1/2-1/2"]
[WhiteElo "2099"]
[BlackElo "2328"]
[PlyCount "51"]
[EventDate "2005.??.??"]
[EventType "tourn (corr)"]
[EventRounds "6"]
[SourceTitle "Corr 2008"]
[Source "ChessBase"]
[SourceDate "2008.06.24"]
[SourceVersion "1"]
[SourceVersionDate "2008.06.24"]
[SourceQuality "1"]

1. e4 e6 2. d4 d5 3. Nc3 Bb4 4. Bd2 dxe4 5. Qg4 Nf6 6. Qxg7 Rg8 7. Qh6 Qxd4 8. 0-0-0 Ng4 9. Qh4 Nd7 10. Nh3 Qe5 11. Bf4 Qa5 12. Nb5 e5 13. Bc4 Rg7 14. a3 Be7 15. Bg5 Ndf6 16. f3 exf3 17. gxf3 h6 18. Qe1 Qxe1 19. Nxc7+ Kf8 20. Rdxe1 hxg5 21. Nxa8 Nh6 22. Nf2 g4 23. fxg4 Nhxg4 24. Nxg4 Rxg4 25. Bb3 Bd6 26. Rd1 1/2-1/2

[Event "CFriend AM-2004-0-00010 email"]
[Site "Chessfriend.com"]
[Date "2004.03.01"]
[Round "1"]
[White "Stepanov, Konstantin"]
[Black "Zawadka, Andrzej"]
[Result "1/2-1/2"]
[WhiteElo "2314"]
[BlackElo "2328"]
[PlyCount "97"]
[EventDate "2004.??.??"]
[EventType "tourn (corr)"]
[EventRounds "12"]
[SourceTitle "Corr 2024"]
[Source "ChessBase"]
[SourceDate "2023.10.19"]
[SourceVersion "1"]
[SourceVersionDate "2023.10.19"]
[SourceQuality "1"]

1. d4 Nf6 2. c4 g6 3. Nc3 d5 4. Nf3 Bg7 5. Qb3 dxc4 6. Qxc4 0-0 7. e4 Nc6 8. Be2 Bg4 9. d5 Na5 10. Qb4 Bxf3 11. Bxf3 c6 12. 0-0 cxd5 13. exd5 Rc8 14. Re1 Re8 15. Be3 Nc4 16. Bxa7 b6 17. Rac1 Bh6 18. Rc2 Nd2 19. Bxb6 Nxf3+ 20. gxf3 Qd7 21. Qh4 Qf5 22. Rce2 Bg5 23. Qg3 Bf4 24. Qg2 Nxd5 25. Bd4 Nxc3 26. Bxc3 e5 27. Qg4 Qd3 28. Rxe5 Bxe5 29. Rxe5 f6 30. Rxe8+ Rxe8 31. Kg2 Kf7 32. a4 Re6 33. Qf4 Rc6 34. a5 Qd5 35. h4 g5 36. hxg5 Qxg5+ 37. Qxg5 fxg5 38. Bd2 Rc2 39. Bc3 Ke6 40. a6 Rc1 41. a7 Ra1 42. Bd4 Kd5 43. Be3 Kc6 44. Kg3 h5 45. f4 gxf4+ 46. Kxf4 Kb7 47. Kg3 Rb1 48. Kh4 Rxb2 49. Kxh5 1/2-1/2

[Event "CFriend AM-2004-0-00010 email"]
[Site "Chessfriend.com"]
[Date "2004.03.01"]
[Round "1"]
[White "Zawadka, Andrzej"]
[Black "Ingersol, Harry"]
[Result "1-0"]
[WhiteElo "2328"]
[BlackElo "2376"]
[PlyCount "87"]
[EventDate "2004.??.??"]
[EventType "tourn (corr)"]
[EventRounds "12"]
[SourceTitle "Corr 2024"]
[Source "ChessBase"]
[SourceDate "2023.10.19"]
[SourceVersion "1"]
[SourceVersionDate "2023.10.19"]
[SourceQuality "1"]

1. d4 Nf6 2. Bg5 c5 3. d5 Ne4 4. Bf4 Qb6 5. Bc1 g6 6. f3 Nd6 7. Nc3 Bg7 8. e4 0-0 9. Nh3 f5 10. Nf2 e6 11. Be2 c4 12. 0-0 Na6 13. Kh1 Qc5 14. Bf4 e5 15. Bd2 b5 16. a4 b4 17. Nb5 Nb7 18. exf5 gxf5 19. d6 Na5 20. Qc1 Bb7 21. Be3 Qc6 22. Qd2 Qd5 23. Qxd5+ Bxd5 24. Nxa7 Rfb8 25. Rfd1 Bf7 26. Nh3 f4 27. Bg1 Rb7 28. Nb5 Bg6 29. Rac1 Kf8 30. Nf2 Nc5 31. Nc7 Raa7 32. Ne4 Nxe4 33. fxe4 Bxe4 34. Bf3 Bc6 35. Bxc6 Nxc6 36. Bxa7 Rxa7 37. b3 Nd4 38. Nb5 Ra6 39. Nxd4 exd4 40. Rf1 Be5 41. Rce1 Ra5 42. Re4 cxb3 43. cxb3 Rd5 44. g3 1-0

[Event "CFriend AM-2004-0-00010 email"]
[Site "Chessfriend.com"]
[Date "2004.03.01"]
[Round "?"]
[White "Zawadka, Andrzej"]
[Black "McCartney, Patrick J"]
[Result "1-0"]
[WhiteElo "2318"]
[BlackElo "2267"]
[PlyCount "53"]
[EventDate "2004.??.??"]
[EventType "tourn (corr)"]
[EventRounds "12"]
[SourceTitle "Corr 2008"]
[Source "ChessBase"]
[SourceDate "2008.06.24"]
[SourceVersion "1"]
[SourceVersionDate "2008.06.24"]
[SourceQuality "1"]

1. d4 Nf6 2. Bg5 Ne4 3. Bf4 c5 4. f3 Qa5+ 5. c3 Nf6 6. d5 Qb6 7. Bc1 e6 8. c4 Qb4+ 9. Bd2 Qxc4 10. e4 Qd4 11. Nc3 exd5 12. Nge2 Qe5 13. Bf4 Qe6 14. exd5 Qb6 15. d6 Nc6 16. Qd2 h6 17. 0-0-0 Nd8 18. Be5 Ne6 19. Nf4 Qb4 20. a3 Qa5 21. Bc4 Ng5 22. Bxf6 gxf6 23. Rhe1+ Kd8 24. Qe3 Ne6 25. Nxe6+ fxe6 26. Qf4 Bg7 27. Qg4 1-0

[Event "IECG WC.2003.T.00001 email"]
[Site "IECG email"]
[Date "2002.08.04"]
[Round "?"]
[White "Raidna, Raivo I"]
[Black "Zawadka, Andrzej"]
[Result "1-0"]
[WhiteElo "2374"]
[BlackElo "2347"]
[PlyCount "83"]
[EventDate "2002.08.04"]
[EventType "tourn (corr)"]
[EventRounds "10"]
[SourceTitle "Corr 2008"]
[Source "ChessBase"]
[SourceDate "2008.06.24"]
[SourceVersion "1"]
[SourceVersionDate "2008.06.24"]
[SourceQuality "1"]

1. e4 d6 2. d4 Nf6 3. Nc3 g6 4. Be3 c6 5. Qd2 b5 6. f3 Nbd7 7. a4 b4 8. Nd1 a5 9. c3 bxc3 10. Nxc3 Bg7 11. Bd3 0-0 12. Nge2 Ba6 13. Bxa6 Rxa6 14. 0-0 Qb8 15. Rfc1 Qb7 16. Nd1 Rb8 17. Rc3 Nf8 18. Rc2 Qb4 19. Qxb4 Rxb4 20. Rac1 e5 21. Rxc6 Rxc6 22. Rxc6 exd4 23. Bxd4 Rxa4 24. Ndc3 Ra1+ 25. Kf2 N6d7 26. Rxd6 Ne5 27. Rb6 Nd3+ 28. Ke3 Nb4 29. Bxg7 Kxg7 30. Nd5 Nd7 31. Rb7 Nc5 32. Rc7 Ncd3 33. Nxb4 Nxb4 34. Rc1 Rxc1 35. Nxc1 Kf6 36. Kd2 h5 37. Kc3 Nc6 38. Kc4 h4 39. Nd3 Ke6 40. Kb5 Kd7 41. f4 Kc7 42. Ne5 1-0

[Event "IECG WC.2004.S.00008 email"]
[Site "IECG email"]
[Date "2002.05.08"]
[Round "?"]
[White "Zawadka, Andrzej"]
[Black "Onder, Evren"]
[Result "0-1"]
[WhiteElo "2347"]
[BlackElo "2151"]
[PlyCount "90"]
[EventDate "2002.05.08"]
[EventType "tourn (corr)"]
[EventRounds "8"]
[SourceTitle "Corr 2008"]
[Source "ChessBase"]
[SourceDate "2008.06.24"]
[SourceVersion "1"]
[SourceVersionDate "2008.06.24"]
[SourceQuality "1"]

1. d4 Nf6 2. Bg5 Ne4 3. Bf4 c5 4. f3 Qa5+ 5. c3 Nf6 6. Nd2 cxd4 7. Nb3 Qb6 8. Qxd4 Qxd4 9. cxd4 d5 10. Rc1 Nc6 11. e3 e6 12. a3 Bd7 13. g4 h6 14. Bb5 a6 15. Bxc6 Bxc6 16. Na5 Rc8 17. Ne2 Be7 18. Kd2 Nd7 19. Rc3 Nb6 20. Rhc1 Kd7 21. e4 g5 22. Be5 f6 23. Bg3 h5 24. h3 dxe4 25. Nxc6 e3+ 26. Kxe3 Nd5+ 27. Kd3 Rxc6 28. Rxc6 bxc6 29. b4 hxg4 30. hxg4 Rh3 31. Ke4 Bd6 32. Bxd6 Kxd6 33. Rg1 Rh2 34. Kd3 Rf2 35. Rg3 Rf1 36. Kc2 Re1 37. Kd2 Ra1 38. Nc3 Rxa3 39. Ne4+ Kc7 40. Rh3 Kb6 41. Nc5 Kb5 42. Nxe6 Kc4 43. Nc5 Nxb4 44. Ne4 Ra2+ 45. Kc1 a5 0-1

[Event "IECG CM.2001.0.00158"]
[Site "IECG email"]
[Date "2001.10.22"]
[Round "?"]
[White "Kund, Wolfgang"]
[Black "Zawadka, Andrzej"]
[Result "1/2-1/2"]
[WhiteElo "2271"]
[BlackElo "2399"]
[PlyCount "53"]
[EventDate "2001.10.22"]
[EventType "tourn (corr)"]
[EventRounds "6"]
[SourceTitle "Corr 2008"]
[Source "ChessBase"]
[SourceDate "2008.06.24"]
[SourceVersion "1"]
[SourceVersionDate "2008.06.24"]
[SourceQuality "1"]

1. c4 e5 2. Nc3 Bb4 3. Nd5 Be7 4. d4 d6 5. e4 Nf6 6. Nxe7 Qxe7 7. f3 exd4 8. Qxd4 Nc6 9. Qc3 0-0 10. Be3 Re8 11. Ne2 Ne5 12. Nf4 Neg4 13. Bd2 Bd7 14. Be2 Ne5 15. 0-0 a6 16. b4 b5 17. Rfc1 bxc4 18. Bxc4 Ba4 19. Bb3 Bxb3 20. Qxb3 c6 21. Rd1 Rab8 22. Rab1 a5 23. a3 axb4 24. axb4 Rb5 25. Be1 Reb8 26. Ra1 h6 27. Qe3 1/2-1/2

[Event "IECG CM.2001.0.00158"]
[Site "IECG email"]
[Date "2001.10.22"]
[Round "?"]
[White "Zawadka, Andrzej"]
[Black "Sacerdotali, Sergio"]
[Result "1/2-1/2"]
[WhiteElo "2399"]
[BlackElo "2295"]
[PlyCount "90"]
[EventDate "2001.10.22"]
[EventType "tourn (corr)"]
[EventRounds "6"]
[SourceTitle "Corr 2008"]
[Source "ChessBase"]
[SourceDate "2008.06.24"]
[SourceVersion "1"]
[SourceVersionDate "2008.06.24"]
[SourceQuality "1"]

1. e4 e5 2. Nf3 Nc6 3. Bb5 a6 4. Ba4 Nf6 5. 0-0 Be7 6. Re1 b5 7. Bb3 0-0 8. c3 d5 9. exd5 Nxd5 10. Nxe5 Nxe5 11. Rxe5 c6 12. d3 Bd6 13. Re1 Bf5 14. Qf3 Re8 15. Rxe8+ Qxe8 16. Nd2 Qe1+ 17. Nf1 Bg6 18. g3 Re8 19. Bd1 Qe6 20. Bd2 Qh3 21. a4 b4 22. c4 Ne7 23. d4 Qd7 24. c5 Bc7 25. Bxb4 Qxd4 26. Qc3 Qd8 27. Ne3 a5 28. Ba3 Nd5 29. Nxd5 cxd5 30. Bf3 d4 31. Qd2 d3 32. b3 h5 33. Bb2 Be4 34. Bxe4 Rxe4 35. Rd1 Qd5 36. Bc3 Qxb3 37. Qxd3 Qxa4 38. Qd7 Qxd7 39. Rxd7 Rc4 40. Rxc7 Rxc3 41. c6 g6 42. Ra7 Rxc6 43. Rxa5 Kg7 44. Kg2 Rc7 45. h4 Rc3 1/2-1/2

[Event "IECC CL1-2001.17"]
[Site "IECC email"]
[Date "2001.10.18"]
[Round "?"]
[White "Zawadka, Andrzej"]
[Black "Femmel, Don"]
[Result "1-0"]
[WhiteElo "2370"]
[BlackElo "2115"]
[PlyCount "99"]
[EventDate "2001.??.??"]
[EventType "tourn (corr)"]
[EventRounds "4"]
[SourceTitle "Corr 2008"]
[Source "ChessBase"]
[SourceDate "2008.06.24"]
[SourceVersion "1"]
[SourceVersionDate "2008.06.24"]
[SourceQuality "1"]

1. d4 Nf6 2. c4 e6 3. g3 d5 4. Bg2 dxc4 5. Nf3 c5 6. 0-0 Nc6 7. Ne5 Bd7 8. Na3 cxd4 9. Naxc4 Rc8 10. Bf4 b5 11. Nxc6 Bxc6 12. Bxc6+ Rxc6 13. Ne5 Rc5 14. a4 Bd6 15. Qxd4 Rd5 16. Qc3 0-0 17. Nc6 b4 18. Nxb4 Bxf4 19. gxf4 Rd2 20. Nc6 Qd6 21. e3 Ne4 22. Qc4 Nc5 23. Qb4 Rd5 24. Nxa7 Rb8 25. Nb5 Qd8 26. Qc4 Qh4 27. Qe2 Rd2 28. Qf3 h6 29. Nd4 Rbxb2 30. Rac1 Qe7 31. Nc6 Qf8 32. a5 Nb3 33. Rc3 Nc5 34. f5 Ra2 35. Rd1 Rxf2 36. Qxf2 Rxf2 37. Kxf2 Ne4+ 38. Kf3 Nxc3 39. Rd8 Qxd8 40. Nxd8 exf5 41. Kf4 Kf8 42. Ke5 Ke7 43. a6 Nb5 44. Nc6+ Kd7 45. a7 Nc7 46. Nd4 f4 47. exf4 Na8 48. Nf5 f6+ 49. Ke4 g6 50. Nxh6 1-0

[Event "IECC CL1-2000.28"]
[Site "IECC email"]
[Date "2000.11.18"]
[Round "?"]
[White "Zawadka, Andrzej"]
[Black "Makarczuk, Jacek"]
[Result "1-0"]
[WhiteElo "2403"]
[BlackElo "2117"]
[PlyCount "83"]
[EventDate "2000.??.??"]
[EventType "tourn (corr)"]
[EventRounds "4"]
[SourceTitle "Corr 2008"]
[Source "ChessBase"]
[SourceDate "2008.06.24"]
[SourceVersion "1"]
[SourceVersionDate "2008.06.24"]
[SourceQuality "1"]

1. d4 Nf6 2. c4 g6 3. Nc3 Bg7 4. e4 d6 5. Nf3 0-0 6. Be2 e5 7. 0-0 Nc6 8. d5 Ne7 9. Ne1 Ne8 10. Be3 f5 11. f3 f4 12. Bf2 h5 13. c5 g5 14. a4 Rf6 15. cxd6 Nxd6 16. Nb5 a6 17. Nxd6 cxd6 18. Nd3 Rg6 19. Qb3 g4 20. Qb6 Qf8 21. Rfc1 g3 22. Be1 gxh2+ 23. Kxh2 Qf6 24. Rc2 Bh6 25. Rac1 Bg5 26. Bf1 Kh7 27. Nxe5 dxe5 28. Qxf6 Bxf6 29. Rc7 Rg7 30. Bb4 Nxd5 31. exd5 Bf5 32. Rxg7+ Bxg7 33. Rc7 b5 34. axb5 axb5 35. Bc3 Kg6 36. Bxb5 Bf6 37. b4 Bh4 38. Bxe5 Bg3+ 39. Kg1 Ra2 40. d6 Rd2 41. Rg7+ Kh6 42. Rxg3 1-0